书目信息 |
| 题名: |
中外交通与信仰空间研究
|
|
| 作者: | 王元林 著 | |
| 分册: | ||
| 出版信息: | 北京 中国社会科学出版社 2018 |
|
| 页数: | 282页 | |
| 开本: | 24cm | |
| 丛书名: | 暨南大学高水平大学建设经费资助丛书 | |
| 单 册: | ||
| 中图分类: | F512.9 | |
| 科图分类: | ||
| 主题词: | 中外关系--交通运输史--研究--古代 , 信仰--俗文化--研究--中国--古代 | |
| 电子资源: | ||
| ISBN: | 978-7-5203-2182-2 | |
| 000 | 01306oam2 2200301 450 | |
| 001 | 012001004680 | |
| 005 | 20140928162350.0 | |
| 010 | @a978-7-5203-2182-2@dCNY75.00 | |
| 100 | @a20180612d2018 em y0chiy50 ea | |
| 101 | 0 | @achi |
| 102 | @aCN@b110000 | |
| 105 | @ay z 000yy | |
| 106 | @ar | |
| 200 | 1 | @a中外交通与信仰空间研究@9zhong wai jiao tong yu xin yang kong jian yan jiu@f王元林著 |
| 210 | @a北京@c中国社会科学出版社@d2018 | |
| 215 | @a282页@d24cm | |
| 225 | 1 | @a暨南大学高水平大学建设经费资助丛书 |
| 225 | 2 | @a暨南史学丛书 |
| 300 | @a国家社会科学基金重点项目“7至14世纪东南沿海多元宗教、信仰教化与海疆经略研究”成果之一 | |
| 330 | @a本书为作者近年来有关中外交通与信仰空间研究的汇总。以中外交通为主题的论文,考证了秦置横浦关、宋代南海诸国使节来华驿馆,阐明了南岭民族走廊、秦汉南岭交通、唐开元后梅关道等地理要道及其在地区开发、南北交往、商贸交流中的地位,论述了三至六世纪的广州、六朝时期的苍梧郡、历史上深圳地域的地位变迁及其与海陆丝绸之路的关系。 | |
| 461 | 0 | @12001 @a暨南大学高水平大学建设经费资助丛书 |
| 461 | 0 | @12001 @a暨南史学丛书 |
| 606 | 0 | @a中外关系@x交通运输史@x研究@z古代 |
| 606 | 0 | @a信仰@x俗文化@x研究@y中国@z古代 |
| 690 | @aF512.9@v5 | |
| 701 | 0 | @a王元林@9wang yuan lin@f(1968-)@4著 |
| 801 | 0 | @aCN@b上海新华@c20180901 |
| 905 | @b1171247-51@dF512.9@e24@f5 | |
| 中外交通与信仰空间研究/王元林著.-北京:中国社会科学出版社,2018 |
| 282页;24cm.-(暨南大学高水平大学建设经费资助丛书).-(暨南史学丛书) |
| 国家社会科学基金重点项目“7至14世纪东南沿海多元宗教、信仰教化与海疆经略研究”成果之一 |
| ISBN 978-7-5203-2182-2:CNY75.00 |
| 本书为作者近年来有关中外交通与信仰空间研究的汇总。以中外交通为主题的论文,考证了秦置横浦关、宋代南海诸国使节来华驿馆,阐明了南岭民族走廊、秦汉南岭交通、唐开元后梅关道等地理要道及其在地区开发、南北交往、商贸交流中的地位,论述了三至六世纪的广州、六朝时期的苍梧郡、历史上深圳地域的地位变迁及其与海陆丝绸之路的关系。 |
| ● |
| 相关链接 |
|
|
|
|
正题名:中外交通与信仰空间研究
索取号:F512.9/24
 
预约/预借
| 序号 | 登录号 | 条形码 | 馆藏地/架位号 | 状态 | 备注 |
| 1 | 1171247 | 211712477 | 第一样本阅览室/ [索取号:F512.9/24] | 在馆 | |
| 2 | 1171248 | 211712486 | 第一借阅区/ [索取号:F512.9/24] | 在馆 | |
| 3 | 1171249 | 211712495 | 第一借阅区/ [索取号:F512.9/24] | 在馆 | |
| 4 | 1171250 | 211712501 | 第一借阅区/ [索取号:F512.9/24] | 在馆 | |
| 5 | 1171251 | 211712510 | 经管系资料室/ [索取号:F512.9/24] | 在馆 |